| 000 | 01332cam a2200349 i 4500 | ||
|---|---|---|---|
| 001 | 20051902 | ||
| 003 | JO-AjAnu | ||
| 005 | 20231127103540.0 | ||
| 008 | 171010s2019 maua b 001 0 eng | ||
| 010 | _a 2017048422 | ||
| 020 | _a9780134773650 (alk. paper) | ||
| 020 | _a0133544613 (alk. paper) | ||
| 040 |
_aDLC _beng _cDLC _erda _dDLC _dJO-AjAnu |
||
| 042 | _apcc | ||
| 050 | 0 | 0 |
_aQA76.9.D3 _bM395 2020 |
| 082 | 0 | 0 |
_a005.75 _223 |
| 100 | 1 |
_aHoffer, Jeffrey A., _eauthor. |
|
| 245 | 1 | 0 |
_aModern database management / _cJeffrey A. Hoffer, University of Dayton, V. Ramesh, Indiana University, Heikki Topi, Bentley University. |
| 250 | _aThirteenth edition. | ||
| 264 | 1 |
_aBoston : _bPearson Education, _c[2019] |
|
| 300 |
_axxxv, 552 pages : _billustrations ; _c29 cm |
||
| 336 |
_atext _btxt _2rdacontent |
||
| 337 |
_aunmediated _bn _2rdamedia |
||
| 338 |
_avolume _bnc _2rdacarrier |
||
| 504 | _aIncludes bibliographical references and index. | ||
| 650 | 0 | _aDatabase management. | |
| 700 | 1 |
_aRamesh, V. _q(Venkataraman), _eauthor. |
|
| 700 | 1 |
_aTopi, Heikki, _eauthor. |
|
| 906 |
_a7 _bcbc _corignew _d1 _eecip _f20 _gy-gencatlg |
||
| 942 |
_2lcc _cBK _n0 |
||
| 999 |
_c33152 _d33152 |
||